000 01948nam a22002777a 4500
999 _c22002
_d22002
003 AR-CdUCM
008 190425b ||||| |||| 00| 0 spa d
040 _aMUNICIPALIDAD PROVINCIAL DEL CUSCO
_cBIBLIOTECA MUNICIPAL DEL CUSCO
082 _aHist.Ecle/N°3/1994
110 _aInstituto Peruano de Historia Eclesiástica
_947113
245 _aRevista peruana de Historia Eclesiástica /
_cInstituto Peruano de Historia Eclesiástica
260 _aLima.
_bServicio copias Gráficas,
_c1994.
300 _a258 páginas. :
_c22 cm.
440 _aRevista peruana de Historia Eclesiástica.
_nN°3,1994.
_947122
505 _aContenido: Las ordenes religiosas y la población andina. -- Clero diocesano y población andina. José Dammert Bellido. -- Los dominicos y la población andina siglos XVI-XVIII. Guillermo Álvarez. -- Los franciscanos y la defensa de la población andina del Perú siglos XVI-XVIII. Federico Richter. -- Los agustinos y la defensa de los naturales del Perú. Benigno Uyarra Cámara. -- Los mercedarios y la defensa del hombre andino siglos XVI-XVIII. Severo Aparicio. -- Jesuitas en el mundo andino las reducciones de Juli. Armando Nieto Vélez. -- Los franciscanos del Perú defensores del nativo. Julián Heras. -- La población nativa en los concilios limenses y sínodos diocesanos. José Dammert Bellido. -- La corona española y la población indígena. Guillermo Lohmann Villena. -- La cultura en el Perú en los últimos tiempos de la evangelización. Franklin Pease. -- La actitud de la Iglesia ante la población negra. Jean Pierre Tardieu.
650 _aHistoria eclesiástica
_942856
650 _aEducación colonial
_925888
650 _aHistoria del Cusco
_91714
650 _aReligión católica
_947116
650 _aEvangelización
_947119
700 _aLohman Villena, Guillermo
_947117
700 _aRichter, Federico
_947120
700 _aDammert, José
_947121
942 _2ddc
_cPP
945 _arac